An Inspector Calls and Romeo & Juliet Quotes - Statistics

General Stats
  • This quiz has been taken 34 times
  • The average score is 18 of 161
Answer Stats
Hint Answer % Correct
unsinkable, absolutely unsinkable
78%
ROMEO AND JULIET
74%
AN INSPECTOR CALLS
70%
a plague a' both your houses
65%
girls of that class
52%
those girls aren't cheap labour - they're people
48%
lower costs and higher prices
43%
ancient grudge
43%
I defy you, stars
43%
half shy half assertive
39%
rather provincial in his speech
39%
fatal loins of these two foes
30%
peace? I hate the word, as I hate hell, all Montagues and thee
30%
only a boy
26%
younger than she are happy mothers made
26%
nought could remove
26%
O, I am fortune's fool
26%
thus with a kiss I die
26%
calm, dishonourable vile submission
26%
saucy merchant
22%
fire eyed fury be my conduct now
22%
a rose by any other name would smell as sweet
22%
very pleased with life
22%
rather cold woman and her husband's social superior
22%
with their death bury their parents' strife
17%
a chain of events
17%
shall I speak ill of him that is my husband?
17%
heavy looking, rather portentous man in his middle fifties
17%
she'd had a lot to say - far too much - so she had to go
17%
wisely and slow, they stumble that run fast
17%
how about this ring
17%
I felt rotten about it at the time
13%
was it an accident
13%
state where a chap easily turns nasty
13%
serpent heart, hid with a flow'ring face
13%
she was pretty and a good sport
13%
thy drugs are quick
13%
it's better to ask for the Earth than to take it
13%
they'd soon be asking for the Earth
13%
not quite at ease
13%
behaving like a hysterical child tonight
13%
the yoke of inauspicious stars
13%
glooming peace
13%
takes Romeo's dagger, stabs herself
13%
I became at once the most important person in her life
13%
Juliet is the Sun
13%
too rash, too unadvised, too sudden
13%
I was hurt under your arm
13%
the famous younger generation who know it all
13%
disgusting affair
9%
young and pretty
9%
Finchley told me it's exactly the same port your father gets from him
9%
not the kind of father a chap can go to when he's in trouble
9%
now I really feel engaged
9%
I serve as good a man as you
9%
I hate those hard eyed dough faced women
9%
as one dead in the bottom of a tomb
9%
these hot days, is the mad blood stirring
9%
crimson in thy lips and cheeks
9%
thrust his maids to the wall
9%
there are millions and millions and millions of Eva Smiths and John Smiths still left with us
9%
burnt out on a slab
9%
bid me leap, rather than marry Paris
9%
alack the day, she's dead, she's dead, she's dead
9%
my good son
9%
it is an honour that I dream not of
9%
thou consent to marry us today
9%
I would the fool were married to her grave
9%
out of her favour where I am in love
9%
within these three hours will fair Juliet wake
9%
you're not the type - you don't get drunk
9%
easy, well-bred young man about town
9%
is it the one you wanted me to have
9%
I was in a furious temper
4%
I can tell her age unto an hour
4%
it was an idea all of my own
4%
I must love a loathed enemy
4%
I was interested and friendly
4%
I'm old enough to be married, aren't I, and I'm not married
4%
in the morning they'll be as amused as we are
4%
then I'll be brief
4%
falls on Romeo's body and dies
4%
if it didn't end tragically, then that's lucky for us. but it might have done
4%
I'm rather more - upset - by this business than I might appear to be
4%
a crutch, a crutch! Why call you for a sword?
4%
I dreamt my lady came and found me dead
4%
lively good-looking girl, country bred
4%
come, I'll dispose of thee
4%
rather excited
4%
Miss Birling ought to be excused any more of this questioning
4%
hate these fat old tarts
4%
do as thou wilt, for I have done with thee
4%
I got it - from the office
4%
that one word 'banished' hath slain ten thousand Tybalts
4%
could I have a drink first
4%
oh, how horrible
4%
I'll be hang'd, sir, if he wear your livery
4%
too soon - I must think
4%
burnt her inside out, of course
4%
the one I knew is dead
4%
in the circumstances I think I was justified
4%
what sadness lengthens Romeo's hours
4%
nearly any man would've done
4%
it frightens me too
4%
I was your mother much upon these years
4%
why then is my pump well flowered
4%
if all else fail, myself have power to die
4%
I neither know it nor can learn of him
4%
for doting, not for loving, pupil mine
4%
nothing to be sorry for, nothing to learn
4%
young men's love then lies not truly in their hearts but in their eyes
4%
just the kind of son in law I always wanted
4%
we've done a great deal of useful work in helping deserving cases
4%
I think she had only herself to blame
4%
the quarrel is between our masters, and us their men
4%
they're just overtired
4%
past hope, past cure, past help
4%
I don't pretend to know much about it
4%
downright public scandal
4%
all are punish'd
4%
familiarity with quick, heavy drinking
4%
attractive chap about thirty, rather too manly to be a dandy
4%
I could not send it
4%
very pretty - soft brown hair and big dark eyes
4%
I did nothing that I'm ashamed of
4%
I have forgot that name
4%
beat down their weapons
4%
he's giving us the rope - so that we'll hang ourselves
4%
I would I were thy bird
4%
heaven finds means to kill your joys with love
4%
It's disgusting to me
4%
he pushes it towards Eric
4%
if there's nothing else, we have to share our guilt
4%
there is no world without Verona walls
4%
make it a word and a blow
4%
oh, I wish you hadn't told me
4%
one that you love
4%
unworthy as she is
0%
living corse clos'd in a dead man's tomb
0%
we must have you dance
0%
poor Romeo he is already dead
0%
the bawdy hand of the dial is now upon the prick of noon
0%
wilt thou leave me so unsatisfied?
0%
do I live dead
0%
creates at once an impression of massiveness, solidity and purposefulness
0%
she was a very pretty girl too - with big dark eyes
0%
nothing may prorogue it
0%
the doors of breath seal with a righteous kiss
0%
hath not seen the change of fourteen years
0%
it would do us all a bit of good if sometimes we tried to put ourselves in the place of these young women
0%
whoever that chap was, the fact remains that I did what I did
0%
the whole thing's different now
0%
what wouldst thou have from me
0%
nobody wants you to
0%
I ought to warn you that he's an old friend of mine
0%
this girl, Eva Smith, was one of them
0%
remember what you did
0%
a pretty, lively sort of girl who never did anybody any harm
0%
send me word tomorrow
0%
you think young women ought to be protected against unpleasant and disturbing things
0%
No matching quizzes found
Score Distribution
Percent of People with Each Score
Percentile by Number Answered
Your Score History
You have not taken this quiz